000 00793nam a2200241 a 4500
001 22119
003 BD-RjUL
005 20211209000753.0
008 140306r19601958enka b 001 0 eng d
035 _a(BD-RjUL)22184
040 _aXNLS
_beng
_cXNLS
_dVERC
_dBD-RjUL
041 _aeng
082 1 4 _a919.4
_219
_bPOE 1960
100 1 _aPownall, Eve,
_d1901-1982.
_968294
245 1 0 _aExploring Australia /
_cby Eve Pownall ; illustrated by Noela Young.
260 _aLondon :
_bMethuen,
_c1958 [reprinted 1960].
300 _a74 p. :
_bill., maps ;
_c22 cm.
504 _aBibliography: p. 70-71. and Index: p. 72-74.
651 0 _aAustralia
_xDiscovery and exploration
_xJuvenile literature.
_968296
700 1 _aYoung, Noela.
_968297
942 _2ddc
_cBK
999 _c22119
_d22119